Mixed Word: First Ladies Quiz Stats

 Plays Quiz Updated Mar 27, 2012

Support Sporcle.
Go Orange.
Score 0/14 Timer 02:00
0 Plays Today
Hint Unscrambled Name % Correct
CLYULUCY
97.8%
RBRBAAABARBARA
97.1%
YMRAMARY
96.8%
YCNNANANCY
96.6%
LEMCHLIEMICHELLE
94.8%
HNANHAHANNAH
94.5%
HAARSSARAH
93.6%
Hint Unscrambled Name % Correct
ENCAQELIUJJACQUELINE
85.7%
LYELDODOLLEY
84.2%
RRMAGTEAMARGARET
84.1%
ASIULOLOUISA
79.4%
SEFNARCFRANCES
73.5%
ALUDICACLAUDIA
67.2%
NORASNYLROSALYNN
56.7%

You're not logged in!

Compare scores with friends on all Sporcle quizzes.
OR
Log In
Forgot?

From the Vault

7 to 1: Female Artists Top 5 Hits

by DesertSpartan

Music 5m
These artists have made histoRIH.
Remove Ads.
Support Sporcle.
Get the best of Sporcle when you Go Orange. This ad-free experience offers more features, more stats, and more fun while also helping to support Sporcle. Thank you for becoming a member.

Show Comments

Extras

Top Quizzes Today


Score Distribution

Your Account Isn't Verified!

In order to create a playlist on Sporcle, you need to verify the email address you used during registration. Go to your Sporcle Settings to finish the process.

Report this User

Report this user for behavior that violates our Community Guidelines.

Details: